| 000 | 01001nam a22002777a 4500 | ||
|---|---|---|---|
| 003 | dpl | ||
| 005 | 2010071403033.0 | ||
| 008 | 100714t xxu||||| |||| 00| 0 eng d | ||
| 010 | _aENG-96397 | ||
| 020 |
_a9780198068310 _c395.00 |
||
| 020 |
_a019806831x _c395.00 |
||
| 035 | _aEN-79930 | ||
| 037 | _bD.B.Act / PUB | ||
| 040 |
_adpl _bEng _cdpl |
||
| 082 | _a954.08 | ||
| 245 |
_aWar and society in colonial India 1807-1945 / _bedited by Kaushik Roy |
||
| 250 | _a2nd ed | ||
| 260 |
_aNew Delhi _bOxford University Press _c2010 |
||
| 270 |
_aYMCA Library Building, Jai Singh Road, _bNew Delhi, Akshaya Prakashan _cDelhi _e110 001 |
||
| 300 |
_avi, 392 p. _c23cm (pbk) |
||
| 490 | _aThemes in Indian history | ||
| 500 | _aIncludes bibliographical references | ||
| 700 | _aRoy, Kaushik | ||
| 942 |
_adpl _cEN _2ddc _h954.08 _mWAR |
||
| 999 |
_c36942 _d36942 |
||